Amozish (Record no. 351656)
[ view plain ]
| 000 -LEADER | |
|---|---|
| fixed length control field | 00508nam a22001817a 4500 |
| 003 - CONTROL NUMBER IDENTIFIER | |
| control field | OSt |
| 005 - DATE AND TIME OF LATEST TRANSACTION | |
| control field | 20180116183051.0 |
| 008 - FIXED-LENGTH DATA ELEMENTS--GENERAL INFORMATION | |
| fixed length control field | 160815b xxu||||| |||| 00| 0 eng d |
| 020 ## - INTERNATIONAL STANDARD BOOK NUMBER | |
| International Standard Book Number | 0 |
| 040 ## - CATALOGING SOURCE | |
| Transcribing agency | 0 |
| 082 ## - DEWEY DECIMAL CLASSIFICATION NUMBER | |
| Classification number | 370.78 AMO 1996-1997 |
| 100 ## - MAIN ENTRY--PERSONAL NAME | |
| Personal name | Government College of Education Lahore |
| 245 ## - TITLE STATEMENT | |
| Title | Amozish |
| Remainder of title | Golden Jobili No. |
| Statement of responsibility, etc. | Government College of Education Lahore |
| 260 ## - PUBLICATION, DISTRIBUTION, ETC. | |
| Place of publication, distribution, etc. | Lahore |
| Name of publisher, distributor, etc. | Hamid Jamil Printer Rattigan |
| Date of publication, distribution, etc. | 1996-1997 |
| 300 ## - PHYSICAL DESCRIPTION | |
| Extent | 162 p. |
| Other physical details | PB |
| 440 ## - SERIES STATEMENT/ADDED ENTRY--TITLE | |
| Title | Amozish |
| 942 ## - ADDED ENTRY ELEMENTS (KOHA) | |
| Source of classification or shelving scheme | |
| Koha item type | Book |
| Withdrawn status | Lost status | Source of classification or shelving scheme | Damaged status | Not for loan | Collection code | Permanent Location | Current Location | Shelving location | Date acquired | Total Checkouts | Full call number | Barcode | Date last seen | Date last checked out | Price effective from | Koha item type |
|---|---|---|---|---|---|---|---|---|---|---|---|---|---|---|---|---|
| Central Library (CL) | Central Library (CL) | General Stacks | 08/15/2016 | 1 | 370.78 AMO 1996-1997 | NBSD-2731 | 11/23/2017 | 08/22/2017 | 08/15/2016 | Book |
